Αυλόπορτες Κάμπου Χίου
Αποθηκεύτηκε σε:
| Κύριος συγγραφέας: | |
|---|---|
| Μορφή: | Βιβλίο |
| Γλώσσα: | Greek |
| Δημοσίευση: |
Χίος :
Βιβλιοπωλείο Πυξίδα,
2000
|
| Θέματα: | |
| Ετικέτες: |
Προσθήκη ετικέτας
Δεν υπάρχουν, Καταχωρήστε ετικέτα πρώτοι!
|
MARC
| LEADER | 00000nam a2200000 i 4500 | ||
|---|---|---|---|
| 001 | 1/23459 | ||
| 008 | 011112s2000 gre d | ||
| 020 | |a 960-86696-0-X | ||
| 035 | |l 10067670 | ||
| 040 | |a GR-MY-UA |b gre |e aacr | ||
| 041 | 0 | |a gre | |
| 082 | 0 | |a 720.9499 | |
| 100 | 1 | |a Μουτσάτσος, Γιώργος. | |
| 245 | 1 | 0 | |a Αυλόπορτες Κάμπου Χίου / |c Γιώργου Μουτσάτσου |
| 260 | |a Χίος : |b Βιβλιοπωλείο Πυξίδα, |c 2000 | ||
| 300 | |a 117σ. |b εικ. | ||
| 650 | 0 | 0 | |a Architecture |z Greece |z Chios Island. |
| 852 | |a INST |b CHIOS |e 20011112 |h 720.9499 ΜΟΥ |p 005200020725 |q 005200020725 |t BK |y 0 | ||
| 901 | |a BIBL2-2001-3 | ||
| 909 | |a Χ |b 098284 | ||
| 922 | |a 2ΕΛΗ |b 200111 |c ΒΙΒΛΙΟΘΗΚΗ ΧΙΟΥ |d ΚΡΟΜΜΥΔΑΣ | ||
| 950 | |a 082-2001-10-31 | ||
| 970 | |a ΣΑΛΑΜΟΥΡΑ |b ΜΑΡΙΑ |z 2001/11/21 | ||